00542cam a22001937a 4500003000500000005001700005008004100022010000900063011000900072035000900081040000900090082001500099100003800114245007800152260003900230300002800269650002700297700002400324CHAP20220329133129.0971013s1986 mx a r 00010 spa d a2502 a3474 a2674 cCHAP04a633.2bE3800aEguiarte Vázquez, Juan Alfonso.10aActualización sobre producción de forrajes en la Costa del Pacífico aGuadalajara, Jal. :bINIFAP,c1986 ac.a. 194 p. :bgráfs.14aForrajesxRendimiento.0 aValencia Z., Mario.